[Event "Pobeskydy IM"]
[Site "Frydek Mistek"]
[Date "2023.04.09"]
[Round "8"]
[White "Lever, Erwan"]
[Black "Babula, Vlastimil1111"]
[Result "0-1"]
[WhiteElo "2269"]
[BlackElo "2326"]
[PlyCount "96"]
[EventDate "2023.04.06"]
[EventType "tourn"]
[EventRounds "9"]
[EventCountry "CZE"]
[EventCategory "2"]
[SourceTitle "CBM 213 Extra"]
[Source "ChessBase"]
[SourceDate "2023.05.31"]
[SourceVersion "1"]
[SourceVersionDate "2023.05.31"]
[SourceQuality "1"]

1. d4 Nf6 2. c4 g6 3. Nc3 Bg7 4. e4 d6 5. Be2 0-0 6. Nf3 e5 7. 0-0 Nc6 8. d5 Ne7 9. Ne1 Nd7 10. Be3 f5 11. f3 f4 12. Bf2 g5 13. Rc1 Ng6 14. c5 Nxc5 15. b4 Na6 16. Nb5 h5 17. Nxa7 Nxb4 18. Qb3 Na6 19. Nxc8 Qxc8 20. h3 Rf7 21. Nd3 Bf8 22. Rc2 Rg7 23. Rb1 Qd8 24. a4 b6 25. Be1 Kh8 26. Rbc1 Nc5 27. Nxc5 dxc5 28. a5 bxa5 29. Qa4 Nh4 30. Qa1 Bd6 31. Ra2 Rg8 32. Bxa5 Qf8 33. Bc3 Rxa2 34. Qxa2 g4 35. hxg4 hxg4 36. fxg4 Qh6 37. Bf3 Kg7 38. Qb2 Kf6 39. Ra1 Ng6 40. Qb5 Ke7 41. Ra7 Rh8 42. Qc6 Qh1+ 43. Kf2 Qc1 44. Rxc7+ Kf6 45. Qxd6+ Kg5 46. Qxc5 Rh1 47. Ke2 Qd1+ 48. Kf2 Qf1# 0-1

[Event "Catalunya-chT Gp2"]
[Site "Barcelona"]
[Date "2023.02.04"]
[Round "3.6"]
[White "Banos, Oscar Francisco"]
[Black "Lever, Erwan"]
[Result "1/2-1/2"]
[WhiteElo "2198"]
[BlackElo "2180"]
[PlyCount "67"]
[EventDate "2023.01.21"]
[EventType "team-tourn"]
[EventRounds "7"]
[EventCountry "ESP"]
[SourceTitle "CBM 213 Extra"]
[Source "ChessBase"]
[SourceDate "2023.05.31"]
[SourceVersion "1"]
[SourceVersionDate "2023.05.31"]
[SourceQuality "1"]
[WhiteTeam "Figueres"]
[BlackTeam "Mollet"]
[WhiteTeamCountry "ESP"]
[BlackTeamCountry "ESP"]

1. c4 e6 2. Nf3 Nf6 3. g3 d5 4. Bg2 d4 5. 0-0 c5 6. e3 Nc6 7. exd4 cxd4 8. d3 Be7 9. Re1 0-0 10. Ne5 Nxe5 11. Rxe5 Bd6 12. Re1 e5 13. b4 Bxb4 14. Rxe5 Bg4 15. Qf1 Re8 16. Rxe8+ Qxe8 17. Bd2 Qa4 18. Bxb4 Qxb4 19. Qc1 Be2 20. Qd2 Qxd2 21. Nxd2 Bxd3 22. Rc1 Rb8 23. Nb3 Nd7 24. c5 Ne5 25. Nxd4 Rd8 26. c6 bxc6 27. Nxc6 Nxc6 28. Rxc6 Bb5 29. Rc1 g6 30. Bf1 Bxf1 31. Kxf1 Rd2 32. a4 Ra2 33. Rc4 Kg7 34. Kg2 1/2-1/2

[Event "Catalunya-chT Gp2"]
[Site "Barcelona"]
[Date "2023.01.28"]
[Round "2.5"]
[White "Salgado Allaria, Carlos Fernando"]
[Black "Lever, Erwan"]
[Result "1/2-1/2"]
[WhiteElo "2237"]
[BlackElo "2180"]
[PlyCount "73"]
[EventDate "2023.01.21"]
[EventType "team-tourn"]
[EventRounds "7"]
[EventCountry "ESP"]
[SourceTitle "CBM 213 Extra"]
[Source "ChessBase"]
[SourceDate "2023.05.31"]
[SourceVersion "1"]
[SourceVersionDate "2023.05.31"]
[SourceQuality "1"]
[WhiteTeam "Platja D'Aro"]
[BlackTeam "Mollet"]
[WhiteTeamCountry "ESP"]
[BlackTeamCountry "ESP"]

1. d4 Nf6 2. c4 e6 3. g3 d5 4. Nf3 dxc4 5. Qa4+ Nbd7 6. Bg2 a6 7. Qxc4 b5 8. Qc6 Rb8 9. 0-0 Bb7 10. Qc2 c5 11. dxc5 Bxc5 12. Bf4 Rc8 13. Qd1 0-0 14. Nc3 Qb6 15. e3 h6 16. h4 Bxf3 17. Qxf3 e5 18. Nd5 Qe6 19. b4 Nxd5 20. bxc5 N5f6 21. c6 Nb6 22. g4 exf4 23. g5 Nh7 24. exf4 Rfe8 25. Rac1 Rc7 26. f5 Qe2 27. Qg3 Rec8 28. f6 hxg5 29. hxg5 Qh5 30. Rc5 gxf6 31. gxf6+ Qg6 32. Rh5 Rxc6 33. Bxc6 Rxc6 34. Qxg6+ fxg6 35. f7+ Kxf7 36. Rxh7+ Kf6 37. Ra7 1/2-1/2

[Event "Rilton Cup 50th"]
[Site "Stockholm"]
[Date "2023.01.03"]
[Round "7"]
[White "Lever, Erwan"]
[Black "Deuer, Marius"]
[Result "1/2-1/2"]
[WhiteElo "2241"]
[BlackElo "2324"]
[PlyCount "75"]
[EventDate "2022.12.27"]
[EventType "swiss"]
[EventRounds "9"]
[EventCountry "SWE"]
[SourceTitle "CBM 212 Extra"]
[Source "ChessBase"]
[SourceDate "2023.03.31"]
[SourceVersion "1"]
[SourceVersionDate "2023.03.31"]
[SourceQuality "1"]

1. d4 Nf6 2. c4 e6 3. Nf3 b6 4. g3 Ba6 5. b3 Bb4+ 6. Bd2 Be7 7. Bg2 0-0 8. 0-0 d5 9. Ne5 Bb7 10. Nc3 Nbd7 11. Bf4 c5 12. Rc1 cxd4 13. Qxd4 Bc5 14. Qd1 Rc8 15. Rc2 Bb4 16. Qa1 Nh5 17. Nd3 Nxf4 18. Nxf4 Qf6 19. Rfc1 Bd6 20. Nd3 Ba6 21. cxd5 Bxd3 22. exd3 Be5 23. dxe6 fxe6 24. Ne4 Rxc2 25. Nxf6+ Bxf6 26. d4 Bxd4 27. Qb1 Rcxf2 28. Kh1 Nf6 29. Bh3 e5 30. Rc2 e4 31. Rc4 Rd2 32. Qc1 e3 33. Be6+ Kh8 34. Rc8 Ne8 35. Bd7 Rdf2 36. Rxe8 Rxe8 37. Bxe8 e2 38. Bb5 1/2-1/2

[Event "Sitges Sunway op 9th"]
[Site "Sitges"]
[Date "2022.12.15"]
[Round "4"]
[White "Saydaliev, Saidakbar"]
[Black "Lever, Erwan"]
[Result "1-0"]
[WhiteElo "2419"]
[BlackElo "2241"]
[PlyCount "59"]
[EventDate "2022.12.12"]
[EventType "swiss"]
[EventRounds "10"]
[EventCountry "ESP"]
[SourceTitle "CBM 211 Extra"]
[Source "ChessBase"]
[SourceDate "2023.01.31"]
[SourceVersion "1"]
[SourceVersionDate "2023.01.31"]
[SourceQuality "1"]

1. Nf3 Nf6 2. c4 e6 3. g3 d5 4. d4 dxc4 5. Bg2 a6 6. 0-0 Nc6 7. Bg5 Rb8 8. Nbd2 b5 9. Ne5 Nxe5 10. dxe5 h6 11. Bxf6 gxf6 12. Bc6+ Bd7 13. Bxd7+ Qxd7 14. Ne4 Be7 15. exf6 Qc6 16. Qc2 Bd6 17. Rac1 h5 18. h4 Be5 19. b3 Rg8 20. bxc4 Rg4 21. f3 Rg6 22. Kf2 b4 23. c5 a5 24. Rfd1 a4 25. Qd2 b3 26. axb3 axb3 27. Rc4 Bxf6 28. Rb4 Rxb4 29. Nxf6+ Kf8 30. Nd7+ 1-0

[Event "Sitges Sunway op 9th"]
[Site "Sitges"]
[Date "2022.12.13"]
[Round "2"]
[White "Fataliyeva, Ulviyya Hasil Qizi"]
[Black "Lever, Erwan"]
[Result "1-0"]
[WhiteElo "2428"]
[BlackElo "2241"]
[PlyCount "67"]
[EventDate "2022.12.12"]
[EventType "swiss"]
[EventRounds "10"]
[EventCountry "ESP"]
[SourceTitle "CBM 211 Extra"]
[Source "ChessBase"]
[SourceDate "2023.01.31"]
[SourceVersion "1"]
[SourceVersionDate "2023.01.31"]
[SourceQuality "1"]

1. d4 Nf6 2. Nc3 d5 3. Bf4 a6 4. e3 e6 5. Nf3 c5 6. Be2 b5 7. Nb1 Be7 8. dxc5 Bxc5 9. a4 b4 10. Nbd2 0-0 11. 0-0 Bb7 12. c4 Nc6 13. Rc1 Bd6 14. cxd5 Nxd5 15. Bxd6 Qxd6 16. Ne4 Qe7 17. Bd3 Rfd8 18. Qe2 Na5 19. Nc5 Nc3 20. bxc3 Qxc5 21. cxb4 Qxb4 22. Ne5 g6 23. Rfd1 Rac8 24. Rb1 Qc3 25. f4 Nb3 26. Bc4 Nc5 27. Rdc1 Qd2 28. Qxd2 Rxd2 29. Bf1 Ne4 30. Rxc8+ Bxc8 31. Rb8 Rc2 32. Nc4 Kg7 33. Rxc8 Nd2 34. Nd6 1-0

[Event "Maia op 6th"]
[Site "Maia"]
[Date "2022.08.31"]
[Round "8"]
[White "Lever, Erwan"]
[Black "Veiga, Jose Francisco RP"]
[Result "0-1"]
[WhiteElo "2170"]
[BlackElo "2378"]
[PlyCount "66"]
[EventDate "2022.08.26"]
[EventType "swiss"]
[EventRounds "9"]
[EventCountry "POR"]
[SourceTitle "CBM 210 Extra"]
[Source "ChessBase"]
[SourceDate "2022.11.30"]
[SourceVersion "1"]
[SourceVersionDate "2022.11.30"]
[SourceQuality "1"]

1. d4 Nf6 2. c4 g6 3. Nc3 Bg7 4. e4 d6 5. Be2 0-0 6. h3 c5 7. d5 e5 8. Bg5 h6 9. Be3 Na6 10. g4 Nc7 11. Qd2 Kh7 12. f3 a6 13. a4 Bd7 14. a5 Rb8 15. h4 b5 16. axb6 Rxb6 17. h5 g5 18. Bd1 Qa8 19. Ba4 Rfb8 20. Bxd7 Nxd7 21. Na4 Rb4 22. Bxg5 Nb6 23. Bxh6 Bxh6 24. g5 Rxa4 25. Rxa4 Nxa4 26. gxh6 f6 27. Nh3 Rxb2 28. Ng5+ fxg5 29. Qxg5 Qf8 30. Qg6+ Kh8 31. Rh3 Ne8 32. Rg3 Rb7 33. Rg5 Rf7 0-1

[Event "Mirandela op 3rd"]
[Site "Mirandela"]
[Date "2022.08.18"]
[Round "3"]
[White "Sorensen, Hampus"]
[Black "Lever, Erwan"]
[Result "1-0"]
[WhiteElo "2383"]
[BlackElo "2170"]
[PlyCount "57"]
[EventDate "2022.08.17"]
[EventType "swiss"]
[EventRounds "9"]
[EventCountry "POR"]
[SourceTitle "CBM 209 Extra"]
[Source "ChessBase"]
[SourceDate "2022.09.30"]
[SourceVersion "1"]
[SourceVersionDate "2022.09.30"]
[SourceQuality "1"]

1. d4 Nf6 2. c4 e6 3. Nf3 d5 4. Bg5 dxc4 5. e4 b5 6. a4 c6 7. Nc3 a6 8. e5 h6 9. Bh4 g5 10. Nxg5 hxg5 11. Bxg5 Nbd7 12. exf6 Bb7 13. Be2 Qc7 14. h4 c5 15. axb5 Bxg2 16. Rg1 Bb7 17. bxa6 Bc6 18. d5 exd5 19. Nxd5 Qh2 20. Rf1 Bd6 21. Ne7 Bg2 22. Nf5 Bc7 23. Ng7+ Kd8 24. Bf3 Qe5+ 25. Be3 c3 26. Bxg2 cxb2 27. Ra3 Rxa6 28. Rxa6 Qc3+ 29. Ke2 1-0

[Event "Belgrade Gligoric Memorial"]
[Site "Belgrade"]
[Date "2022.07.22"]
[Round "8"]
[White "Omorjan, Dejan"]
[Black "Lever, Erwan"]
[Result "1-0"]
[WhiteElo "2290"]
[BlackElo "2178"]
[PlyCount "53"]
[EventDate "2022.07.17"]
[EventType "swiss"]
[EventRounds "9"]
[EventCountry "SRB"]
[SourceTitle "CBM 209 Extra"]
[Source "ChessBase"]
[SourceDate "2022.09.30"]
[SourceVersion "1"]
[SourceVersionDate "2022.09.30"]
[SourceQuality "1"]

1. e4 c5 2. Nf3 e6 3. g3 Nc6 4. Bg2 Nf6 5. Qe2 e5 6. 0-0 Be7 7. c3 0-0 8. Na3 d5 9. exd5 Qxd5 10. d3 Rd8 11. Nc4 Bg4 12. Re1 Bf8 13. h3 Bxf3 14. Bxf3 Qd7 15. Qf1 Re8 16. Bg5 Qf5 17. Bxc6 bxc6 18. Bxf6 gxf6 19. Re4 Red8 20. Qe2 Bg7 21. Ne3 Qd7 22. Qh5 Qxd3 23. Rg4 Kh8 24. Nf5 Rg8 25. Rh4 Bh6 26. Rd1 Bg7 27. Qxh7# 1-0

[Event "Belgrade Gligoric Memorial"]
[Site "Belgrade"]
[Date "2022.07.18"]
[Round "2"]
[White "Rohit, Krishna S"]
[Black "Lever, Erwan"]
[Result "1-0"]
[WhiteElo "2326"]
[BlackElo "2178"]
[PlyCount "71"]
[EventDate "2022.07.17"]
[EventType "swiss"]
[EventRounds "9"]
[EventCountry "SRB"]
[SourceTitle "CBM 209 Extra"]
[Source "ChessBase"]
[SourceDate "2022.09.30"]
[SourceVersion "1"]
[SourceVersionDate "2022.09.30"]
[SourceQuality "1"]

1. d4 Nf6 2. c4 e6 3. Nc3 Bb4 4. Qc2 d5 5. cxd5 exd5 6. e3 0-0 7. Bd3 a6 8. Nge2 Re8 9. a3 Bd6 10. Bd2 Nbd7 11. b4 c6 12. f3 a5 13. Rb1 axb4 14. axb4 g6 15. 0-0 Nh5 16. e4 Bb8 17. exd5 cxd5 18. Nxd5 Nf8 19. Ndc3 Ne6 20. Be3 Nef4 21. Nxf4 Nxf4 22. Rbe1 Be6 23. Bb5 Qc7 24. Rc1 Ne2+ 25. Nxe2 Qxh2+ 26. Kf2 Qh4+ 27. g3 Qh2+ 28. Ke1 Bf5 29. Qd2 Re7 30. g4 Ra3 31. Bg5 Bg3+ 32. Kd1 Be6 33. Bxe7 Bb3+ 34. Rc2 Bf4 35. Qxf4 Ra1+ 36. Kd2 1-0

[Event "Belgrade Gligoric Memorial"]
[Site "Belgrade"]
[Date "2022.07.17"]
[Round "1"]
[White "Lever, Erwan"]
[Black "Song, Raymond"]
[Result "1-0"]
[WhiteElo "2178"]
[BlackElo "2499"]
[PlyCount "86"]
[EventDate "2022.07.17"]
[EventType "swiss"]
[EventRounds "9"]
[EventCountry "SRB"]
[SourceTitle "CBM 209 Extra"]
[Source "ChessBase"]
[SourceDate "2022.09.30"]
[SourceVersion "1"]
[SourceVersionDate "2022.09.30"]
[SourceQuality "1"]

1. d4 d5 2. c4 c6 3. Nf3 Nf6 4. Qc2 g6 5. Bf4 Bg7 6. e3 0-0 7. Nc3 c5 8. dxc5 dxc4 9. Bxc4 Qa5 10. 0-0 Qxc5 11. Nb5 Be6 12. Nc7 Qxc4 13. Qxc4 Bxc4 14. Rfc1 Bd5 15. Nxa8 Bxf3 16. gxf3 Nh5 17. Rab1 Nxf4 18. exf4 Nc6 19. Nc7 Nd4 20. Kg2 e6 21. Rc4 Rc8 22. a4 Nf5 23. b4 Rd8 24. Kf1 Bf6 25. Nb5 Rd2 26. Ke1 Ra2 27. Rd1 Rxa4 28. Rd7 Ra1+ 29. Kd2 a6 30. Rc8+ Kg7 31. Rcc7 Ra2+ 32. Kc1 Ra1+ 33. Kc2 Ra2+ 34. Kb3 Rb2+ 35. Ka3 Rxf2 36. Rxf7+ Kg8 37. Rxf6 axb5 38. Rxe6 Rxf3+ 39. Kb2 Kf8 40. Rxb7 Rxf4 41. Rxb5 Kg7 42. Rb7+ Kh6 43. Re2 Nd4 1-0

[Event "Novi Sad Serbia op-A"]
[Site "Novi Sad"]
[Date "2022.06.28"]
[Round "1"]
[White "Urazayev, Arystanbek"]
[Black "Lever, Erwan"]
[Result "1-0"]
[WhiteElo "2430"]
[BlackElo "2209"]
[PlyCount "147"]
[EventDate "2022.06.28"]
[EventType "swiss"]
[EventRounds "9"]
[EventCountry "SRB"]
[SourceTitle "EXT 2023"]
[Source "ChessBase"]
[SourceDate "2022.10.05"]
[SourceVersion "1"]
[SourceVersionDate "2022.10.05"]
[SourceQuality "1"]

1. e4 c5 2. Nf3 e6 3. d4 cxd4 4. Nxd4 a6 5. g3 Nc6 6. Bg2 Qc7 7. 0-0 h5 8. c4 Nf6 9. Nc3 Ne5 10. Bf4 d6 11. Rc1 h4 12. Na4 h3 13. Bh1 b6 14. b4 Bb7 15. c5 bxc5 16. bxc5 dxc5 17. Qb3 Nfd7 18. Nf3 Rb8 19. Nxe5 Nxe5 20. Qc3 f6 21. Bxe5 Qxe5 22. Qxe5 fxe5 23. Nxc5 Bxc5 24. Rxc5 Ke7 25. Rxe5 Rbc8 26. Rg5 Kf7 27. Bf3 g6 28. Rb1 Rc7 29. Kf1 Rd8 30. Ke1 Rd4 31. Rg4 g5 32. e5 Rxg4 33. Bxg4 Bd5 34. Rb2 a5 35. Kd2 Kg6 36. Bxh3 Rh7 37. Bf1 Kf5 38. Bd3+ Be4 39. Bxe4+ Kxe4 40. Ke2 Rxh2 41. Rb5 Rh1 42. Rxa5 Rb1 43. Ra4+ Kxe5 44. Kf3 Rb2 45. Ra5+ Kf6 46. Ra8 Kf5 47. Rf8+ Kg6 48. Ra8 Kf5 49. a4 Rb3+ 50. Kg2 g4 51. a5 Ra3 52. a6 e5 53. Kf1 Ke4 54. a7 Ra1+ 55. Ke2 Ra2+ 56. Ke1 Ra1+ 57. Kd2 Ra3 58. Kc2 Ra6 59. Kd1 Ra2 60. Ke1 Ra1+ 61. Ke2 Ra2+ 62. Kf1 Ra1+ 63. Kg2 Ra2 64. Rg8 Rxa7 65. Rxg4+ Kf5 66. Rb4 Ra2 67. g4+ Kg5 68. Kg3 Ra1 69. f3 Rg1+ 70. Kf2 Ra1 71. Rb6 Ra3 72. Re6 Ra5 73. Kg3 Rb5 74. Rxe5+ 1-0

[Event "Veliko Gradiste Silver Lake op-A"]
[Site "Veliko Gradiste"]
[Date "2022.06.21"]
[Round "4"]
[White "Lever, Erwan"]
[Black "Shoshin, Kirill"]
[Result "0-1"]
[WhiteElo "2209"]
[BlackElo "1938"]
[PlyCount "104"]
[EventDate "2022.06.19"]
[EventType "swiss"]
[EventRounds "9"]
[EventCountry "SRB"]
[SourceTitle "CBM 209 Extra"]
[Source "ChessBase"]
[SourceDate "2022.09.30"]
[SourceVersion "1"]
[SourceVersionDate "2022.09.30"]
[SourceQuality "1"]

1. d4 d5 2. c4 e6 3. Nf3 Nf6 4. g3 Be7 5. Bg2 0-0 6. 0-0 dxc4 7. Qc2 a6 8. a4 Bd7 9. Qxc4 Bc6 10. Bg5 Nbd7 11. Nc3 a5 12. e3 h6 13. Bxf6 Nxf6 14. h4 Bxf3 15. Bxf3 c6 16. h5 Qb6 17. Rfc1 Rfd8 18. Ne4 Nd5 19. b3 Qc7 20. Nd2 Nxe3 21. fxe3 Qxg3+ 22. Kf1 Bb4 23. Rc3 e5 24. Ke2 Bxc3 25. Qxc3 exd4 26. exd4 Qf4 27. Rg1 Rxd4 28. Qe3 Qxe3+ 29. Kxe3 Rad8 30. Nc4 Rd3+ 31. Kf2 Rxb3 32. Nxa5 Rb2+ 33. Kg3 Rb4 34. Re1 Ra8 35. Re5 g6 36. hxg6 fxg6 37. Rc5 b6 38. Nxc6 bxc5 39. Nxb4 Rxa4 40. Nd5 Kg7 41. Kf2 h5 42. Ke3 Kh6 43. Nc3 Ra3 44. Kd3 g5 45. Kc4 g4 46. Be2 Kg5 47. Ne4+ Kf4 48. Nf6 Ke3 49. Bxg4 Ra4+ 50. Kb5 hxg4 51. Kxa4 g3 52. Ng4+ Kf4 0-1

[Event "Cassis op 1st"]
[Site "Cassis"]
[Date "2022.05.28"]
[Round "7"]
[White "Lever, Erwan"]
[Black "Kunin, Vitaly L"]
[Result "0-1"]
[WhiteElo "2209"]
[BlackElo "2539"]
[PlyCount "58"]
[EventDate "2022.05.26"]
[EventType "swiss"]
[EventRounds "7"]
[EventCountry "FRA"]
[SourceTitle "CBM 208 Extra"]
[Source "ChessBase"]
[SourceDate "2022.07.31"]
[SourceVersion "1"]
[SourceVersionDate "2022.07.31"]
[SourceQuality "1"]

1. d4 Nf6 2. c4 e6 3. g3 Bb4+ 4. Bd2 a5 5. Bg2 c5 6. d5 exd5 7. cxd5 0-0 8. Nh3 d6 9. 0-0 Bxd2 10. Nxd2 b5 11. a4 Ba6 12. Re1 Re8 13. axb5 Bxb5 14. e4 Na6 15. f4 Nb4 16. Nf2 Qb6 17. b3 Nfxd5 18. exd5 Rxe1+ 19. Qxe1 Nc2 20. Qc1 Nxa1 21. Qxa1 a4 22. bxa4 Rxa4 23. Qc3 c4 24. f5 Qa7 25. Bf1 h6 26. Nde4 Ra3 27. Qb4 Rb3 28. Qxd6 c3 29. f6 Qa1 0-1